Grand Est: villes de plus de 50 000 habitants - Statistiques

Statistiques générales
  • Ce quiz a été pris 80 fois
  • Le résultat moyen est 6 sur 7
Statistiques - réponses
Classement Population Département Nom de la commune % Correct
1 291 000 67 Strasbourg
100%
3 121 000 57 Metz
97%
5 104 000 54 Nancy
93%
4 104 000 68 Mulhouse
90%
6 67 000 68 Colmar
89%
2 178 000 51 Reims
86%
7 62 000 10 Troyes
74%
Aucun quiz correspondant
Distribution des résultats
% des personnes avec chaque résultat
Percentile par nombre de réponses
Votre historique - résultats
Vous n’avez pas pris ce quiz